La prise de nourriture chez le ver a soie.

Bibliographic Details
Main Author: Legay, J. M.
Format: Book
Language:French
Published: Paris : Institut national de la recherche agronomique, [1957]
Series:Annales des epiphyties. Numero hors serie.
Subjects:

MARC

Tag First Indicator Second Indicator Subfields
LEADER 00000cam a2200000 4500
001 in00000732016
005 20151016072228.0
008 800623s1957 fr a 00000 fre d
035 |a (OCoLC)06452591 
035 |9 ADE6385AM 
040 |a TXA  |c TXA  |d UtOrBLW 
049 |a TXAM  |c [357452] 
090 |a SF542  |b .L43 1957 
092 |a 595.78  |b L498p, 1957 
100 1 |a Legay, J. M. 
245 1 3 |a La prise de nourriture chez le ver a soie. 
264 1 |a Paris :  |b Institut national de la recherche agronomique,  |c [1957] 
300 |a 169 pages :  |b illustrations 
336 |a text  |b txt  |2 rdacontent 
337 |a unmediated  |b n  |2 rdamedia 
338 |a volume  |b nc  |2 rdacarrier 
490 1 |a Annales des epiphties. Numero hors serie 
650 0 |a Silkworms. 
830 0 |a Annales des epiphyties.  |p Numero hors serie. 
999 |a MARS 
999 f f |s 6bcdda9e-2831-310e-9767-a5ddaa94d738  |i 97c4be23-e8fd-3e3c-bf3d-58ac69048ba2  |t 0 
952 f f |p ric  |a Texas A&M University  |b Rellis Campus  |c Joint Library Facility  |d Remote Storage  |t 0  |e SF542 .L43 1957  |h Library of Congress classification  |i unmediated -- volume  |m A14801016904 
998 f f |a SF542 .L43 1957  |t 0  |l Remote Storage